Pink triangles : radical perspectives on gay liberation /

Gardado en:
Detalles Bibliográficos
Autor Principal: Mitchell, Pam (Author)
Formato: Libro
Idioma:inglés
Publicado: Boston : Alyson, c1980
Tags: Engadir etiqueta
Sen Etiquetas, Sexa o primeiro en etiquetar este rexistro!

MARC

LEADER 00000nam a22000007i 4500
001 IT\ICCU\UBO\3534816
003 ItRI
005 20260115231828.0
008 081201s1980 xxu|||||| ||||| |||||c
020 |a 0932870031 
040 |b ita  |c importazione bologna sebina 
041 7 |a eng  |2 ISO-639-2 
100 1 |a Mitchell, Pam  |0 IT\ICCU\UBOV\294583  |4 aut 
245 1 0 |a Pink triangles :  |b radical perspectives on gay liberation /  |c edited by Pam Mitchell. 
260 |a Boston :  |b Alyson,  |c c1980 
300 |a 187 p. ;  |c 22cm. 
942 |2 ddc  |c BK  |n 0 
952 |0 0  |1 0  |4 0  |6 DOC_305_906000000000000_MIT  |7 0  |9 13713  |a BO  |b BO  |d 2026-01-15  |i 676  |l 0  |o DOC 305.906 MIT  |p BO676  |r 2026-01-15 23:18:28  |w 2026-01-15  |x [Sebina 5] [1 v.]  |y BK  |z 1 v. 
999 |c 11793  |d 11793